<?xml version="1.0" encoding="UTF-8"?>
<marc:record xmlns:marc="http://www.loc.gov/MARC21/slim">
   <marc:leader>00000nam a2200000 a 4500</marc:leader>
   <marc:datafield ind1="1" ind2=" " tag="100">
      <marc:subfield code="a">Jaswal, Balli Kaur</marc:subfield>
      <marc:subfield code="4">aut</marc:subfield>
      <marc:subfield code="e">Verfasser/-in</marc:subfield>
   </marc:datafield>
   <marc:datafield ind1="0" ind2="0" tag="245">
      <marc:subfield code="a">Geheime Geschichten für Frauen, die Saris tragen</marc:subfield>
   </marc:datafield>
   <marc:datafield ind1="0" ind2="0" tag="245">
      <marc:subfield code="b">Roman</marc:subfield>
   </marc:datafield>
   <marc:datafield ind1="0" ind2="0" tag="245">
      <marc:subfield code="c">Jaswal, Balli Kaur</marc:subfield>
   </marc:datafield>
   <marc:datafield ind1=" " ind2="1" tag="264">
      <marc:subfield code="a">München</marc:subfield>
      <marc:subfield code="b">Goldmann</marc:subfield>
      <marc:subfield code="c">2018</marc:subfield>
   </marc:datafield>
   <marc:datafield ind1=" " ind2=" " tag="250">
      <marc:subfield code="a">1. Auflage, deutsche Erstveröffentlichung</marc:subfield>
   </marc:datafield>
   <marc:datafield ind1="1" ind2=" " tag="520">
      <marc:subfield code="a">Nikki weiß, was sie will. Genauer gesagt weiß die junge Londonerin mit indischen Wurzeln, was sie nicht will: ein Leben, gebunden an traditionelle Konventionen. Als Lehrerin eines Creative-Writing-Kurses für Sikh-Frauen will sie ihr Lebensgefühl weitergeben und hofft, dass die Frauen schreibend ihre Fesseln abwerfen. Allerdings entpuppen sich sämtliche Teilnehmerinnen als Analphabetinnen, die nur Lesen und Schreiben lernen wollen. Ein Unterfangen, das sich bald als müßig erweist. Doch als die Frauen sich öffnen und sich gegenseitig ihre geheimsten Geschichten anvertrauen, setzen sie etwas in Gang, das nicht nur ihr Leben für immer verändern wird ...</marc:subfield>
   </marc:datafield>
   <marc:datafield ind1=" " ind2=" " tag="020">
      <marc:subfield code="a">9783442486618</marc:subfield>
      <marc:subfield code="9">9783442486618</marc:subfield>
   </marc:datafield>
   <marc:datafield ind1=" " ind2=" " tag="020">
      <marc:subfield code="a">3442486610</marc:subfield>
      <marc:subfield code="9">3442486610</marc:subfield>
   </marc:datafield>
   <marc:datafield ind1=" " ind2=" " tag="041">
      <marc:subfield code="a">ger</marc:subfield>
   </marc:datafield>
   <marc:datafield ind1=" " ind2=" " tag="300">
      <marc:subfield code="a">478 Seiten</marc:subfield>
   </marc:datafield>
</marc:record>
